Fr. Conceicao Rodrigues College of Engineering

Elemantary Electro-Magnetic Theory (Record no. 24682)

MARC details
000 -LEADER
fixed length control field 00356nam a2200157Ia 4500
082 ## - DEWEY DECIMAL CLASSIFICATION NUMBER
Classification number 530.1
Item number Chi
100 ## - MAIN ENTRY--PERSONAL NAME
Personal name Chirgwin/B.H.
245 ## - TITLE STATEMENT
Title Elemantary Electro-Magnetic Theory
260 ## - PUBLICATION, DISTRIBUTION, ETC.
Name of publisher, distributor, etc. none
300 ## - PHYSICAL DESCRIPTION
Extent 440
546 ## - LANGUAGE NOTE
Language note ENGLISH
650 ## - SUBJECT ADDED ENTRY--TOPICAL TERM
Topical term or geographic name entry element Electrical Engineering
654 ## - SUBJECT ADDED ENTRY--FACETED TOPICAL TERMS
Focus term Elemantary Electro-Magnetic Theory
942 ## - ADDED ENTRY ELEMENTS (KOHA)
Koha item type BOOK
Holdings
Withdrawn status Lost status Damaged status Not for loan Collection Home library Current library Shelving location Date acquired Total Checkouts Full call number Barcode Date last seen Price effective from Koha item type
        AFT Fr. Agnel's C.Rodrigues College of Engineering Fr. Agnel's C.Rodrigues College of Engineering   17/03/2023   530.1 Chi AFT6903 17/03/2023 17/03/2023 BOOK